Arizona County High Points - Statistics

General Stats
  • This quiz has been taken 3 times
  • The average score is 3 of 15
Answer Stats
County Peak Height (ft) % Correct
Greenlee Greenlee County High Point 9,441
67%
Graham Mount Graham 10,720
67%
Maricopa Browns Peak 7,657
33%
Cochise Chiricahua Peak 9,759
33%
Coconino Humphreys Peak 12,633
33%
Apache Mount Baldy 11,403
33%
Pima Mount Lemmon 9,157
33%
Navajo Black Mesa High Point 8,168
0%
La Paz Harquahala Mountain 5,681
0%
Mohave Hualapai Peak 8,417
0%
Yavapai Mount Union 7,979
0%
Santa Cruz Mount Wrightson 9,453
0%
Gila Myrtle Point/Promontory Butte 7,920
0%
Pinal Rice Peak-North Ridge 7,280
0%
Yuma Signal Peak 4,877
0%
No matching quizzes found
Score Distribution
Percent of People with Each Score
Percentile by Number Answered
Your Score History
You have not taken this quiz